logo

Bir Sreshtho Munshi Abdur Rouf Library
Jhenaidah Cadet College

Love and commitment : (Record no. 9251)

MARC details
000 -LEADER
fixed length control field 00828cam a2200301 a 4500
001 - CONTROL NUMBER
JCCL Control Number 9251
003 - CONTROL NUMBER IDENTIFIER
JCCL marc code BD-JhCC
005 - DATE AND TIME OF LATEST TRANSACTION
control field 20180312115128.0
008 - FIXED-LENGTH DATA ELEMENTS--GENERAL INFORMATION
fixed length control field 810309s1981 nju 001 0 eng
020 ## - INTERNATIONAL STANDARD BOOK NUMBER
International Standard Book Number 0135409713
020 ## - INTERNATIONAL STANDARD BOOK NUMBER
International Standard Book Number (BD-JhCC)9251
035 ## - SYSTEM CONTROL NUMBER
system control number (BD-JhCC)
040 ## - CATALOGING SOURCE
Original cataloging agency DLC
Transcribing agency DLC
Modifying agency DLC
-- BD-JhCC
041 ## - LANGUAGE CODE
Language code of Book eng
050 00 - LIBRARY OF CONGRESS CALL NUMBER
Classification number HQ734
Item number .L372
082 00 - DEWEY DECIMAL CLASSIFICATION NUMBER
Classification number 306.8/7
DDC Edition number 19
Author mark and Year LEA 1981
100 1# - MAIN ENTRY--PERSONAL NAME
Personal name Leavenworth, Carol.
245 10 - TITLE STATEMENT
Title Love and commitment :
Remainder of title you don't have to settle for less /
Statement of responsibility, etc Carol Leavenworth.
260 ## - PUBLICATION, DISTRIBUTION, ETC. (IMPRINT)
Place of publication, distribution, etc Englewood Cliffs, N.J. :
Name of publisher, distributor, etc Prentice-Hall,
Date of publication, distribution, etc c1981.
300 ## - PHYSICAL DESCRIPTION
Pagination xii, 174 ;
Dimensions 21 cm.
500 ## - GENERAL NOTE
General note "A Spectrum book."
500 ## - GENERAL NOTE
General note Includes index.
650 #0 - SUBJECT ADDED ENTRY--TOPICAL TERM
Topical term or geographic name as entry element Love.
650 #0 - SUBJECT ADDED ENTRY--TOPICAL TERM
Topical term or geographic name as entry element Commitment (Psychology)
650 #0 - SUBJECT ADDED ENTRY--TOPICAL TERM
Topical term or geographic name as entry element Interpersonal relations.
942 ## - ADDED ENTRY ELEMENTS (KOHA)
Source of classification or shelving scheme Dewey Decimal Classification
Koha item type Books
Holdings
Source of classification or shelving scheme Damaged status Not for loan Home library Current library Shelving location Total Checkouts Full call number Barcode Date last seen Copy number Koha item type
Dewey Decimal Classification     JCC Rouf Library JCC Rouf Library General Stacks   306.8/7 LEA 1981 12105 03/12/2018 C - 1 Books

JCC Library | Contacts | JCC Home

Last Update on 23 September 2017
Copyright @ 2017-2020 JCC Rouf Library
Rouf Library, Jhenidah Cadet College (JCC), Bangladesh